| 000 | 00967 a2200217 4500 | ||
|---|---|---|---|
| 005 | 20080910155559.0 | ||
| 008 | 080910t xxu||||| |||| 00| 0 hin d | ||
| 010 | _aHIN-79526 | ||
| 020 |
_a8181661176 _c200.00 |
||
| 035 | _aHN-51872 | ||
| 037 | _bD.B.Act / pub | ||
| 082 | _a921 | ||
| 100 | _aसक्सेना, सुधीर | ||
| 245 |
_aकाबिले-गौर _cसुधीर सक्सेना |
||
| 246 | _aKabile Gaur | ||
| 260 |
_aदिल्ली _bमेधा बुक्स _c2005 |
||
| 270 |
_aएक्स-11,नवीन शाहदरा _bदिल्ली _e110032 _k22323672 _mmedhabooks@rediffmail.com |
||
| 300 |
_a132पृ _c22 सेमी (सजिल्द) |
||
| 942 |
_adpl _cHN _k921 / सक्सेना _2ddc _h921 _mसक्सेना |
||
| 999 |
_c2919 _d2919 |
||